| 000 | 00339nam a22001457a 4500 | ||
|---|---|---|---|
| 003 | SGT | ||
| 020 | _a978-1-4129-4579-0 | ||
| 082 | _a610.72, R08T | ||
| 100 | _aTIMULAK, LADISLAV | ||
| 245 | _aRESEARCH IN PSYCHOTHERAPY & COUNSELLING | ||
| 260 |
_aLOS ANGELS _bSAGE PUB. _c2008 |
||
| 300 | _a2017 | ||
| 650 | _aRESEARCH | ||
| 942 |
_2ddc _cBK |
||
| 999 |
_c8381 _d8381 |
||